| 000 | 01691 a2200313 4500 | ||
|---|---|---|---|
| 003 | OSt | ||
| 005 | 20180116192326.0 | ||
| 008 | 120215t xxu||||| |||| 00| 0 eng d | ||
| 010 | _a 2002156108 | ||
| 020 | _a0415261880 (hardcover : alk. paper) | ||
| 020 | _a0415261899 (pbk. : alk. paper) | ||
| 035 | _a(OCoLC)ocm51342441 | ||
| 040 | _c0 | ||
| 082 | 0 | 0 | _a307.1216 |
| 245 | 0 | 0 |
_aShaping the city : _bstudies in history, theory and urban design / _cedited by Edward Robbins and Rodolphe El-Khoury. |
| 260 |
_aNew York : _bRoutledge, _c2004. |
||
| 300 |
_a270 p. : _bill. ; _c24 cm. |
||
| 505 | 0 | _aAtlanta / Rem Koolhaas -- Barcelona: rethinking urbanistic projects / Joan Busquets -- Brasilia, scale and monumentality: Brasilia and other urban projects / Fares el-Dahdah -- Detroit: motor city / Charles Waldheim -- Los Angeles: between cognitive mapping and dirty realism / Paulette Singley -- Philadelphia: the urban design of Philadelphia, taking the towne for the city / Richard Sommer -- San Francisco: San Francisco in an age of reaction / Mitchell Schwarzer -- Asia megacities / Richard Marshall -- The new urbanist city / Edward Robbins -- Cybercity / M. Christine Boyer. | |
| 650 | 0 | _aCity planning | |
| 650 | 0 | _aMetropolitan areas | |
| 650 | 0 |
_aCities and towns _xHistory _y20th century |
|
| 650 | 0 |
_aCities and towns _xHistory _y21st century |
|
| 650 | 0 | _aSociology, Urban. | |
| 700 | 1 | _aEl-Khoury, Rodolphe. | |
| 700 | 1 |
_aRobbins, Edward, _d1944- |
|
| 856 | 4 | 2 |
_3Publisher description _uhttp://www.loc.gov/catdir/enhancements/fy0650/2002156108-d.html |
| 942 |
_aSADA _cBK _k307.1216 SHA 2004 _2ddc |
||
| 999 |
_c352182 _d352182 |
||